Welcome to WEB OPAC of MRSPTU Central Library

Classical mechanics (Record no. 6161)

MARC details
000 -LEADER
fixed length control field 00420nam a2200181Ia 4500
008 - FIXED-LENGTH DATA ELEMENTS--GENERAL INFORMATION
fixed length control field 230711s9999||||xx |||||||||||||| ||und||
020 ## - INTERNATIONAL STANDARD BOOK NUMBER
International Standard Book Number 978-93-86104-74-8
041 ## - LANGUAGE CODE
Language code of text/sound track or separate title ENG
082 ## - DEWEY DECIMAL CLASSIFICATION NUMBER
Classification number 531
Item number GU-C
100 ## - MAIN ENTRY--PERSONAL NAME
Personal name Gupta,S.L
245 #0 - TITLE STATEMENT
Title Classical mechanics
250 ## - EDITION STATEMENT
Edition statement 20th Ed.
260 ## - PUBLICATION, DISTRIBUTION, ETC.
Date of publication, distribution, etc. 2016
Place of publication, distribution, etc. New Delhi
Name of publisher, distributor, etc. Pragati Parkashan Meerut
300 ## - PHYSICAL DESCRIPTION
Extent 452p.
650 ## - SUBJECT ADDED ENTRY--TOPICAL TERM
Topical term or geographic name entry element Physics
700 ## - ADDED ENTRY--PERSONAL NAME
Personal name Kumar,V
942 ## - ADDED ENTRY ELEMENTS (KOHA)
Koha item type Book
Holdings
Withdrawn status Lost status Damaged status Not for loan Collection Home library Current library Date acquired Cost, normal purchase price Inventory number Total checkouts Full call number Barcode Date last seen Date last checked out Price effective from Koha item type Total renewals Date due
          MRSPTU Central Library MRSPTU Central Library   340.00 KBD/2016-2017/963042808 12 531 GU-C 34355 04/09/2026 03/20/2026 08/17/2023 Book    
          MRSPTU Central Library MRSPTU Central Library   340.00 KBD/2016-2017/963042808 7 531 GU-C 34356 04/21/2026 04/01/2026 08/17/2023 Book    
          MRSPTU Central Library MRSPTU Central Library   340.00 KBD/2016-2017/963042808 10 531 GU-C 34357 12/18/2024 11/19/2024 08/17/2023 Book    
          MRSPTU Central Library MRSPTU Central Library   340.00 KBD/2016-2017/963042808 12 531 GU-C 34358 12/16/2024 11/25/2024 08/17/2023 Book    
          MRSPTU Central Library MRSPTU Central Library   340.00 KBD/2016-2017/963042808 8 531 GU-C 34359 12/16/2024 11/25/2024 08/17/2023 Book    
          MRSPTU Central Library MRSPTU Central Library   340.00 KBD/2016-2017/963042808 7 531 GU-C 34360 03/25/2026 03/03/2026 08/17/2023 Book    
          MRSPTU Central Library MRSPTU Central Library   340.00 KBD/2016-2017/963042808 12 531 GU-C 34361 04/09/2026 03/20/2026 08/17/2023 Book    
          MRSPTU Central Library MRSPTU Central Library   340.00 KBD/2016-2017/963042808 11 531 GU-C 34362 12/16/2024 11/28/2024 08/17/2023 Book    
          MRSPTU Central Library MRSPTU Central Library   340.00 KBD/2016-2017/963042808 10 531 GU-C 34363 12/16/2024 11/19/2024 08/17/2023 Book 1  
          MRSPTU Central Library MRSPTU Central Library   340.00 KBD/2016-2017/963042808 17 531 GU-C 34364 04/21/2026 04/21/2026 08/17/2023 Book   05/12/2026
          MRSPTU Central Library MRSPTU Central Library   340.00 KBD/2016-2017/963042808 8 531 GU-C 34365 12/16/2024 11/08/2024 08/17/2023 Book    
          MRSPTU Central Library MRSPTU Central Library   340.00 KBD/2016-2017/963042808 6 531 GU-C 34366 12/20/2023 11/09/2023 08/17/2023 Book    
          MRSPTU Central Library MRSPTU Central Library   340.00 KBD/2016-2017/963042808 9 531 GU-C 34367 04/22/2026 04/22/2026 08/17/2023 Book   05/13/2026
          MRSPTU Central Library MRSPTU Central Library   340.00 KBD/2016-2017/963042808 9 531 GU-C 34368 12/16/2024 11/14/2024 08/17/2023 Book    
          MRSPTU Central Library MRSPTU Central Library   340.00 KBD/2016-2017/963042808 11 531 GU-C 34369 12/16/2024 11/25/2024 08/17/2023 Book    

Website Designed and Developed by MRSPTU Central Library Team

E-mail Id: librarian@mrsptu.ac.in